Bratrstvo. Kniha druhá, Nájezdníci /
V druhém pokračování fantasy ságy se bratrstvo Volavek vydává pronásledovat piráty a získat zpět uloupený posvátný kámen.
Uloženo v:
| Série: | Bratrstvo,
část 2 |
|---|---|
| Hlavní autor: | |
| Další autoři: | , , |
| Médium: | E-audiokniha |
| Jazyk: | Czech |
| Vydáno: |
Praha :
Voxi,
[2019]
|
| Edice: | Fantasy (Egmont)
|
| Témata: | |
| Příbuzné jednotky: | Z cyklu::
Bratrstvo |
| Tagy: |
Žádné tagy |
| LEADER | 06876nim a2201729 i 4500 | ||
|---|---|---|---|
| 001 | 312994 | ||
| 003 | CZ PrSKC | ||
| 005 | 20260601215733.0 | ||
| 007 | sd fungnnmmned | ||
| 008 | 191128t20192019xr nnnnj f n cze | ||
| 015 | |a cnb003162204 | ||
| 024 | 3 | |a 8594063859856 | |
| 040 | |a ABA001 |b cze |e rda | ||
| 041 | 1 | |d cze |h eng | |
| 072 | 7 | |a 821.111-3 |x Anglická próza, anglicky psaná |2 Konspekt | |
| 072 | 7 | |a 821-93 |x Literatura pro děti a mládež (beletrie) |2 Konspekt | |
| 080 | |a 821.111(94)-31 |2 MRF | ||
| 080 | |a (0:82-312.9) |2 MRF | ||
| 080 | |a (086.7.053.2) |2 MRF | ||
| 080 | |a (086.7)08 |2 MRF | ||
| 080 | |a (086.76) |2 MRF | ||
| 100 | 1 | |a Flanagan, John |q (John Anthony), |d 1944-2026 |7 xx0081982 |4 aut | |
| 240 | 1 | 0 | |a Invaders. |l Česky |
| 245 | 1 | 0 | |a Bratrstvo. |n Kniha druhá, |p Nájezdníci / |c John Flanagan ; z anglického originálu Brotherband 2: The Invaders přeložila Zdena Tenklová |
| 246 | 3 | 0 | |a Nájezdníci |
| 264 | 1 | |a Praha : |b Voxi, |c [2019] | |
| 264 | 4 | |c ©2019 | |
| 300 | |a 1 audiodisk (12 hod., 12 min.) ; |c 12 cm | ||
| 306 | |a 121200 | ||
| 336 | |a mluvené slovo |b spw |2 rdacontent | ||
| 337 | |a audio |b s |2 rdamedia | ||
| 338 | |a audiodisk |b sd |2 rdacarrier | ||
| 344 | |a digital |b optical |2 rda | ||
| 347 | |a audio soubor |b MP3 |2 rda | ||
| 490 | 1 | |a Fantasy | |
| 500 | |a Název z disku | ||
| 500 | |a Copyright Albatros Media | ||
| 500 | |a Nezkrácená audiokniha ve formátu mp3 | ||
| 500 | |a Podle stejnojmenné knihy vydané nakladatelstvím Egmont v roce 2012 | ||
| 508 | |a Režie Tomáš Harant | ||
| 511 | 0 | |a Čte Pavel Neškudla | |
| 520 | 2 | |a V druhém pokračování fantasy ságy se bratrstvo Volavek vydává pronásledovat piráty a získat zpět uloupený posvátný kámen. | |
| 521 | 8 | |a Pro posluchače od 12 let | |
| 655 | 7 | |a australské romány |7 fd131842 |2 czenas | |
| 655 | 7 | |a fantasy romány |7 fd184199 |2 czenas | |
| 655 | 7 | |a zvukové záznamy pro děti a mládež |7 fd186726 |2 czenas | |
| 655 | 7 | |a audioknihy |7 fd119452 |2 czenas | |
| 655 | 7 | |a kompaktní disky |7 fd201991 |2 czenas | |
| 700 | 1 | |a Tenklová, Zdena |7 xx0069446 |4 trl | |
| 700 | 1 | |a Harant, Tomáš |4 drt | |
| 700 | 1 | |a Neškudla, Pavel, |d 1989- |7 pna20191021256 |4 nrt | |
| 787 | 0 | 8 | |i Z cyklu: |t Bratrstvo |g 2 |
| 830 | 0 | |a Fantasy (Egmont) | |
| 900 | |a ABA001 |b 19 | ||
| 044 | |a xr | ||
| 505 | 0 | 0 | |t kap 01 part 01 (8 min., 57 sek.) |
| 505 | 0 | 0 | |t kap 01 part 02 (8 min., 22 sek.) |
| 505 | 0 | 0 | |t kap 02 (11 min., 3 sek.) |
| 505 | 0 | 0 | |t kap 03 (16 min., 21 sek.) |
| 505 | 0 | 0 | |t kap 04 (16 min., 15 sek.) |
| 505 | 0 | 0 | |t kap 05 (19 min., 46 sek.) |
| 505 | 0 | 0 | |t kap 06 (14 min., 43 sek.) |
| 505 | 0 | 0 | |t kap 07 (18 min., 49 sek.) |
| 505 | 0 | 0 | |t kap 08 part 01 (13 min., 56 sek.) |
| 505 | 0 | 0 | |t kap 08 part 02 (1 min., 37 sek.) |
| 505 | 0 | 0 | |t kap 08 part 03 (6 min., 59 sek.) |
| 505 | 0 | 0 | |t kap 09 part 01 (10 min., 5 sek.) |
| 505 | 0 | 0 | |t kap 09 part 02 (4 min., 14 sek.) |
| 505 | 0 | 0 | |t kap 10 (21 min., 50 sek.) |
| 505 | 0 | 0 | |t kap 11 part 01 (10 min., 8 sek.) |
| 505 | 0 | 0 | |t kap 11 part 02 (13 min., 9 sek.) |
| 505 | 0 | 0 | |t kap 12 part 01 (5 min., 29 sek.) |
| 505 | 0 | 0 | |t kap 12 part 02 (3 min., 17 sek.) |
| 505 | 0 | 0 | |t kap 12 part 03 (2 min., 0 sek.) |
| 505 | 0 | 0 | |t kap 12 part 04 (4 min., 32 sek.) |
| 505 | 0 | 0 | |t kap 13 (16 min., 27 sek.) |
| 505 | 0 | 0 | |t kap 14 part 01 (12 min., 24 sek.) |
| 505 | 0 | 0 | |t kap 14 part 02 (6 min., 43 sek.) |
| 505 | 0 | 0 | |t kap 15 (9 min., 28 sek.) |
| 505 | 0 | 0 | |t kap 16 part 01 (7 min., 7 sek.) |
| 505 | 0 | 0 | |t kap 16 part 02 (8 min., 40 sek.) |
| 505 | 0 | 0 | |t kap 16 part 03 (3 min., 24 sek.) |
| 505 | 0 | 0 | |t kap 17 (24 min., 27 sek.) |
| 505 | 0 | 0 | |t kap 18 part 01 (8 min., 0 sek.) |
| 505 | 0 | 0 | |t kap 18 part 02 (13 min., 17 sek.) |
| 505 | 0 | 0 | |t kap 19 (16 min., 44 sek.) |
| 505 | 0 | 0 | |t kap 20 part 01 (11 min., 1 sek.) |
| 505 | 0 | 0 | |t kap 20 part 02 (9 min., 26 sek.) |
| 505 | 0 | 0 | |t kap 21 part 01 (13 min., 5 sek.) |
| 505 | 0 | 0 | |t kap 21 part 02 (4 min., 26 sek.) |
| 505 | 0 | 0 | |t kap 22 part 01 (6 min., 22 sek.) |
| 505 | 0 | 0 | |t kap 22 part 02 (11 min., 19 sek.) |
| 505 | 0 | 0 | |t kap 23 (19 min., 47 sek.) |
| 505 | 0 | 0 | |t kap 24 part 01 (11 min., 0 sek.) |
| 505 | 0 | 0 | |t kap 24 part 02 (3 min., 30 sek.) |
| 505 | 0 | 0 | |t kap 25 (13 min., 19 sek.) |
| 505 | 0 | 0 | |t kap 26 part 01 (8 min., 14 sek.) |
| 505 | 0 | 0 | |t kap 26 part 02 (6 min., 23 sek.) |
| 505 | 0 | 0 | |t kap 27 part 01 (7 min., 19 sek.) |
| 505 | 0 | 0 | |t kap 27 part 2 (4 min., 28 sek.) |
| 505 | 0 | 0 | |t kap 28 (10 min., 48 sek.) |
| 505 | 0 | 0 | |t kap 29 (13 min., 37 sek.) |
| 505 | 0 | 0 | |t kap 30 part 01 (3 min., 54 sek.) |
| 505 | 0 | 0 | |t kap 30 part 02 (4 min., 59 sek.) |
| 505 | 0 | 0 | |t kap 30 part 03 (4 min., 11 sek.) |
| 505 | 0 | 0 | |t kap 31 part 01 (9 min., 54 sek.) |
| 505 | 0 | 0 | |t kap 31 part 02 (2 min., 7 sek.) |
| 505 | 0 | 0 | |t kap 31 part 03 (2 min., 34 sek.) |
| 505 | 0 | 0 | |t kap 32 (18 min., 30 sek.) |
| 505 | 0 | 0 | |t kap 33 part 01 (4 min., 34 sek.) |
| 505 | 0 | 0 | |t kap 33 part 02 (3 min., 38 sek.) |
| 505 | 0 | 0 | |t kap 33 part 03 (5 min., 8 sek.) |
| 505 | 0 | 0 | |t kap 33 part 04 (2 min., 7 sek.) |
| 505 | 0 | 0 | |t kap 33 part 05 (1 min., 41 sek.) |
| 505 | 0 | 0 | |t kap 33 part 06 (3 min., 26 sek.) |
| 505 | 0 | 0 | |t kap 34 part 01 (7 min., 18 sek.) |
| 505 | 0 | 0 | |t kap 34 part 02 (3 min., 45 sek.) |
| 505 | 0 | 0 | |t kap 34 part 03 (3 min., 54 sek.) |
| 505 | 0 | 0 | |t kap 35 part 01 (15 min., 28 sek.) |
| 505 | 0 | 0 | |t kap 35 part 02 (2 min., 43 sek.) |
| 505 | 0 | 0 | |t kap 36 part 01 (18 min., 31 sek.) |
| 505 | 0 | 0 | |t kap 36 part 02 (7 min., 44 sek.) |
| 505 | 0 | 0 | |t kap 37 part 01 (1 min., 42 sek.) |
| 505 | 0 | 0 | |t kap 37 part 02 (8 min., 44 sek.) |
| 505 | 0 | 0 | |t kap 37 part 03 (5 min., 36 sek.) |
| 505 | 0 | 0 | |t kap 38 part 01 (4 min., 45 sek.) |
| 505 | 0 | 0 | |t kap 38 part 02 (13 min., 34 sek.) |
| 505 | 0 | 0 | |t kap 39 part 01 (4 min., 19 sek.) |
| 505 | 0 | 0 | |t kap 39 part 02 (1 min., 46 sek.) |
| 505 | 0 | 0 | |t kap 39 part 03 (5 min., 23 sek.) |
| 505 | 0 | 0 | |t kap 39 part 04 (5 min., 43 sek.) |
| 505 | 0 | 0 | |t kap 40 part 01 (4 min., 13 sek.) |
| 505 | 0 | 0 | |t kap 40 part 02 (5 min., 32 sek.) |
| 505 | 0 | 0 | |t kap 40 part 03 (3 min., 6 sek.) |
| 505 | 0 | 0 | |t kap 41 part 01 (2 min., 27 sek.) |
| 505 | 0 | 0 | |t kap 41 part 02 (1 min., 24 sek.) |
| 505 | 0 | 0 | |t kap 41 part 03 (1 min., 12 sek.) |
| 505 | 0 | 0 | |t kap 41 part 04 (2 min., 54 sek.) |
| 505 | 0 | 0 | |t kap 41 part 05 (8 min., 49 sek.) |
| 505 | 0 | 0 | |t kap 42 (8 min., 13 sek.) |
| 505 | 0 | 0 | |t Epilog part 01 (3 min., 13 sek.) |
| 505 | 0 | 0 | |t Epilog part 02 (9 min., 45 sek.) |
| 505 | 0 | 0 | |t Epilog part 03 (6 min., 11 sek.) |
| 505 | 0 | 0 | |t Epilog part 04 (5 min., 31 sek.) |
| 910 | |a RBIT002 | ||
| 998 | |d 206554 |a https://core.palmknihy.cz/api/books/206554/cover?sia8so |b https://core.palmknihy.cz/api/books/206554/cover/400?sia8so |c https://core.palmknihy.cz/api/books/206554/cover/50?sia8so |e 2026-09-29 |i 8594063859856 |l 43920 |q 49 |r 1 |s https://www.palmknihy.cz/kniha/206554 |t audiobook |y 2019 |z 0 | ||
| 999 | |d 312992 | ||